书目信息 |
| 题名: |
可靠性初级教程
|
|
| 作者: | ;可靠性研究委员会 编 | |
| 分册: | ||
| 出版信息: | 北京 人民邮电出版社 1978.1 |
|
| 页数: | 216页 | |
| 开本: | 20cm | |
| 丛书名: | ||
| 单 册: | ||
| 中图分类: | O213.2 | |
| 科图分类: | ||
| 主题词: | 概率论 , 数理统计 | |
| 电子资源: | ||
| ISBN: | ||
| 000 | 00602nam0 2200205 45 | |
| 001 | 0405201442 | |
| 005 | 20060805152925.60 | |
| 010 | @dCNY0.57 | |
| 091 | @a15045总2267-有5108 | |
| 100 | @a20040520d1978 km y0chiy0120 ea | |
| 101 | 0 | @achi@cjpn |
| 200 | 1 | @a可靠性初级教程@AKe Kao Xing Chu Ji Jiao Cheng@f(日)可靠性研究委员会编@F(Ri)Ke Kao Xing Yan Jiu Wei Yuan Hui Bian |
| 210 | @a北京@c人民邮电出版社@d1978.1 | |
| 215 | @a216页@d20cm | |
| 606 | 0 | @a概率论 |
| 606 | 0 | @a数理统计 |
| 690 | @aO213.2@v3 | |
| 711 | 02 | @a可靠性研究委员会@4编 |
| 801 | @aCN@bPftUser@c20060805 | |
| 905 | @f1@b4604@dO213.2@e3 | |
| 可靠性初级教程/(日)可靠性研究委员会编.-北京:人民邮电出版社,1978.1 |
| 216页;20cm |
| ISBN :CNY0.57 |
| ● |
| 相关链接 |
|
|
|
|
正题名:可靠性初级教程
索取号:O213.2/3
 
预约/预借
| 序号 | 登录号 | 条形码 | 馆藏地/架位号 | 状态 | 备注 |
| 1 | 0004603 | 001441933 | 第二样本阅览室/ [索取号:O213.2/3] | 在馆 | |
| 2 | 0004604 | 001442059 | 第三借阅区/ [索取号:O213.2/3] | 在馆 | |
| 3 | 0431452 | 204314526 | 密集书库/ [索取号:O213.2/3] | 在馆 | |
| 4 | 0431453 | 204314535 | 密集书库/ [索取号:O213.2/3] | 在馆 | |
| 5 | 0447151 | 204471516 | 密集书库/ [索取号:O213.2/3] | 在馆 |